| 000 | 01015aam a2200301 i 4500 | ||
|---|---|---|---|
| 001 | 768717001 | ||
| 003 | CO-MdFUSB | ||
| 005 | 20250918173231.0 | ||
| 007 | ta | ||
| 008 | 200115t1973 cr b|||| |||| 00| 0 spa d | ||
| 020 | _a[No incluye ISBN] | ||
| 040 |
_bspa. _aCO-MdFUSB _cCO-MdFUSB _dCO-MdFUSBC _erda |
||
| 041 | _aspa | ||
| 082 | 0 | 4 |
_223 _a251 _bC838c |
| 100 | 1 |
_aCostas, Orlando E. (1941-1987) _eautor |
|
| 245 | 1 | 0 |
_aComunicación por medio de la predicación _c/ Orlando E. Costas |
| 264 | 1 |
_aSan José, Costa Rica : _bCaribe, _c[1973] |
|
| 264 | 4 | _c© 1973 | |
| 300 |
_a254 Páginas _c; 21 cm |
||
| 336 |
_atexto _btxt _2rdacontent |
||
| 337 |
_2rdamedia _asin mediación _bn |
||
| 338 |
_2rdacarrier _avolumen _bnc |
||
| 505 | _aLa naturaleza de la predicación. -- La predicación y el sermón. -- La predicación y el predicador. -- La predicación y la congregación. -- La predicación y la ocasión. | ||
| 563 | _aRústico | ||
| 650 | 0 |
_954 _aPredicación |
|
| 942 | _cBK | ||
| 945 | _aJTF-925 | ||
| 999 |
_c36263 _d36263 |
||